000
00323nam a22001457a 4500
008
230612b ||||| |||| 00| 0 eng d
020
_a
9780323045827
041
_a
eng
080
_2
SIXTH EDITION
_a
159.9
082
_a
159.9STA
100
_a
25
101
_a
PSI
245
_a
PHYSIOLOGY
_c
STANTON.A.B
942
_2
udc
_c
BK
999
_c
59932
_d
59932